000 00366nam a2200133Ia 4500
008 230411s9999 xx 000 0 und d
041 _aeng
082 _aS/617/DAS/B04187
100 _aDas Somen
_9176409
245 _aConcise Textbook of Surgery with Orthopaedics and Fractures
260 _bS Das
_aCalcutta
_c2001
300 _a1324p
999 _c154891
_d154891